[Event "Weymouth Minor op"]
[Site "Weymouth"]
[Date "2008.10.26"]
[Round "4"]
[White "Constable, Christine F"]
[Black "Rogan, Mick"]
[Result "0-1"]
[WhiteElo "1272"]
[BlackElo "1416"]
[PlyCount "100"]
[EventDate "2008.10.24"]
[EventType "swiss"]
[EventRounds "5"]
[EventCountry "ENG"]
[SourceTitle "EXT 2011"]
[Source "ChessBase"]
[SourceDate "2010.11.26"]
[SourceVersion "1"]
[SourceVersionDate "2010.11.26"]
[SourceQuality "1"]

1. d4 d5 2. Nf3 Nf6 3. e3 Bf5 4. c4 dxc4 5. Bxc4 e6 6. Nc3 c6 7. 0-0 Be7 8. Ne5 0-0 9. a4 Nbd7 10. Bd2 Qc7 11. f4 Rad8 12. Ne2 Ne4 13. b4 f6 14. Nf3 Nb6 15. Bb3 Nd5 16. Nh4 Bg4 17. Qe1 Qd7 18. Ng3 Nxd2 19. Qxd2 f5 20. h3 Bxh4 21. Qf2 Bh5 22. Bc2 Nxb4 23. Bb1 Rf6 24. e4 Bxg3 25. Qxg3 Qxd4+ 26. Kh2 Qxa1 27. exf5 exf5 28. Re1 Qxa4 29. Qg5 Bg6 30. Re7 Rd1 31. Rxb7 Rd8 32. Bxf5 Nd5 33. Be6+ Kf8 34. Kh1 Qxf4 35. Qxf4 Nxf4 36. Bb3 Be4 37. Rxa7 Bxg2+ 38. Kh2 Bxh3 39. Rb7 Be6 40. Ba4 Rd2+ 41. Kg3 Rg2+ 42. Kf3 Bd5+ 43. Ke3 Re2+ 44. Kd4 c5+ 45. Kxc5 Bxb7 46. Kb4 Re3 47. Kc4 Re4+ 48. Kb3 Rd6 49. Bb5 Rb6 50. Kc3 Rxb5 0-1

[Event "Weymouth Minor op"]
[Site "Weymouth"]
[Date "2008.10.26"]
[Round "5"]
[White "Rogan, Mick"]
[Black "Billett, Stephen"]
[Result "1-0"]
[WhiteElo "1416"]
[BlackElo "1168"]
[PlyCount "87"]
[EventDate "2008.10.24"]
[EventType "swiss"]
[EventRounds "5"]
[EventCountry "ENG"]
[SourceTitle "EXT 2011"]
[Source "ChessBase"]
[SourceDate "2010.11.26"]
[SourceVersion "1"]
[SourceVersionDate "2010.11.26"]
[SourceQuality "1"]

1. e4 e6 2. Nf3 d5 3. exd5 exd5 4. d4 Nf6 5. Bg5 Be6 6. Bd3 c5 7. dxc5 Bxc5 8. 0-0 0-0 9. h3 Nc6 10. Nbd2 Nb4 11. a3 Nxd3 12. cxd3 Bf5 13. d4 Be7 14. b4 b5 15. Nb3 Rc8 16. Rc1 h6 17. Bh4 Rxc1 18. Qxc1 Nh5 19. Bxe7 Qxe7 20. Re1 Qf6 21. Ne5 Be6 22. Nc5 Rc8 23. Qe3 Nf4 24. Ned3 Nxd3 25. Qxd3 Bf5 26. Qe3 Qd6 27. g4 Bh7 28. Qe5 Qxe5 29. Rxe5 Rd8 30. f3 Kf8 31. Kf2 f6 32. Re3 Kf7 33. Nb7 Rd7 34. Nc5 Rd8 35. a4 bxa4 36. Nxa4 Rb8 37. Rc3 Rxb4 38. Rc7+ Kg6 39. Rxa7 Rxd4 40. Nc5 Bg8 41. Ke3 Rc4 42. Nd3 d4+ 43. Kf2 Bd5 44. Nf4+ 1-0

[Event "Weymouth Minor op"]
[Site "Weymouth"]
[Date "2008.10.25"]
[Round "3"]
[White "Rogan, Mick"]
[Black "Roberts, Anthony"]
[Result "1-0"]
[WhiteElo "1416"]
[BlackElo "1496"]
[PlyCount "87"]
[EventDate "2008.10.24"]
[EventType "swiss"]
[EventRounds "5"]
[EventCountry "ENG"]
[SourceTitle "EXT 2011"]
[Source "ChessBase"]
[SourceDate "2010.11.26"]
[SourceVersion "1"]
[SourceVersionDate "2010.11.26"]
[SourceQuality "1"]

1. e4 e6 2. d4 c6 3. Nf3 h6 4. a3 d5 5. e5 Ne7 6. Bd3 Nf5 7. 0-0 Be7 8. Nc3 Nh4 9. Nxh4 Bxh4 10. Be3 Be7 11. f4 0-0 12. f5 f6 13. Qg4 exf5 14. Bxf5 Bxf5 15. Rxf5 Kh7 16. Raf1 Qe8 17. Ne2 Qg6 18. Qxg6+ Kxg6 19. R5f3 Na6 20. Nf4+ Kh7 21. Ne6 Rg8 22. exf6 Bxf6 23. Rh3 Kg6 24. Nf4+ Kf7 25. Nh5 Ke7 26. Nxf6 gxf6 27. Bxh6 Rg6 28. Re3+ Kf7 29. Bf4 Re8 30. Rxe8 Kxe8 31. Re1+ Kf7 32. g3 c5 33. c3 c4 34. Kf2 f5 35. Kf3 Re6 36. Rxe6 Kxe6 37. g4 fxg4+ 38. Kxg4 Kf6 39. h4 b5 40. Be5+ Kg6 41. h5+ Kh7 42. Kg5 Nb8 43. Bxb8 a5 44. Bc7 1-0